| 000 | 00990cam a22003137i 4500 | ||
|---|---|---|---|
| 999 |
_c110350 _d110350 |
||
| 001 | 17824616 | ||
| 005 | 20190121091200.0 | ||
| 008 | 130724t20132014maua b 001 0 eng d | ||
| 020 | _a9781285051086 | ||
| 020 | _a1285051084 | ||
| 040 | _cPK-LaUMT | ||
| 082 | 0 | 4 |
_a519.535 _223 _bKLE-A |
| 100 | 1 | _aKleinbaum, David G. | |
| 245 | 1 | 0 |
_aApplied regression analysis and other multivariable methods / _cDavid G. Kleinbaum, Lawrence L. Kupper, Azhar Nizam and Eli S. Rosenberg |
| 250 | _a5th ed. | ||
| 260 |
_a Boston : _bCengage Learning, _c2014 |
||
| 300 |
_axix, 1051 p. : _billustrations ; _c24 cm |
||
| 650 | 0 | _aRegression analysis. | |
| 650 | 0 | _aMultivariate analysis. | |
| 650 | 1 | 2 | _aRegression Analysis. |
| 650 | 1 | 2 | _aFactor Analysis, Statistical. |
| 650 | 1 | 2 | _aMultivariate Analysis. |
| 650 | 7 | _aMultivariate analysis. | |
| 650 | 7 | _aRegression analysis. | |
| 700 | 1 | _aKupper, Lawrence L., | |
| 700 | 1 | _aNizam, Azhar, | |
| 700 | 1 | _aRosenberg, Eli S., | |
| 942 | _cBK | ||